000 00675nam a2200205Ia 4500
001 15823
003 GE_BSU
008 181216s||||||||xx |||||||||||||| ||und||
040 _cGE_BSU
080 _a821.353.1-92+821.353.1-4
100 _aჭეიშვილი, ალ.
245 _aნარკვევები, წერილები
245 _cრედ.ე.ზუბიაშვილი. მხატვ.ე.შენგელაია
260 _aთბილისი
260 _bსახელგამი
260 _c1955
300 _a356გვ. ; 20სმ
653 _aნარკვევები, წერილები
942 _cBK
999 _c48920
_d48920